|
|
|
|
| LEADER |
00000nam0a2200000 4500 |
| 001 |
281934 |
| 005 |
20231101235442.0 |
| 035 |
|
|
|a (RuTPU)RU\TPU\book\305797
|
| 090 |
|
|
|a 281934
|
| 100 |
|
|
|a 20150127d1984 m y0rusy5003 ca
|
| 101 |
0 |
|
|a rus
|
| 102 |
|
|
|a RU
|
| 105 |
|
|
|a y z 001zy
|
| 200 |
1 |
|
|a Неорганическая химия
|e учебник для вузов
|f Э. Т. Оганесян, А. З. Книжник
|
| 210 |
|
|
|a Москва
|c Высшая школа
|d 1984
|
| 215 |
|
|
|a 384 с.
|c ил.
|d 22 см.
|
| 320 |
|
|
|a Предметный указатель: с. 379-380
|
| 606 |
1 |
|
|a Неорганическая химия
|2 stltpush
|3 (RuTPU)RU\TPU\subj\67586
|9 83311
|
| 610 |
1 |
|
|a атомно-молекулярная теория
|
| 610 |
1 |
|
|a неорганические соединения
|
| 610 |
1 |
|
|a классификация
|
| 610 |
1 |
|
|a номенклатура
|
| 610 |
1 |
|
|a периодический закон Менделеева
|
| 610 |
1 |
|
|a атомы
|
| 610 |
1 |
|
|a строение
|
| 610 |
1 |
|
|a химические элементы
|
| 610 |
1 |
|
|a молекулы
|
| 610 |
1 |
|
|a химическая связь
|
| 610 |
1 |
|
|a вещества
|
| 610 |
1 |
|
|a агрегатные состояния
|
| 610 |
1 |
|
|a химические процессы
|
| 610 |
1 |
|
|a растворы
|
| 610 |
1 |
|
|a электролитическая диссоциация
|
| 610 |
1 |
|
|a окислительно-восстановительные реакции
|
| 610 |
1 |
|
|a комплексные соединения
|
| 610 |
1 |
|
|a учебники
|
| 675 |
|
|
|a 546(075.8)
|v 3
|
| 700 |
|
1 |
|a Оганесян
|b Э. Т.
|g Эдуард Тоникович
|4 070
|
| 801 |
|
0 |
|a RU
|b RuMRKP
|c 19950704
|g psbo
|
| 801 |
|
1 |
|a RU
|b 63413507
|c 20150127
|
| 801 |
|
2 |
|a RU
|b 63413507
|c 20170707
|g RCR
|
| 942 |
|
|
|c BK
|